Statistiques concernant Capitales les plus proches de Colombo

Cliquez ici pour prendre le quiz!

Statistiques générales

  • Ce quiz a été pris 29 fois
  • Le résultat moyen est 14 sur 20

Statistiques - réponses

km capitale % Correct
2435New Delhi
100%
2755Vientiane
89%
2379Bangkok
89%
2192Dacca
89%
2795Phnom Penh
85%
3328Jakarta
85%
3065Islamabad
85%
3202Hanoï
81%
772Malé
81%
2450Kuala Lumpur
81%
2729Singapour
78%
2388Katmandou
78%
3270Kaboul
70%
2511Thimphou
59%
2260Naypyidaw
59%
2956Mascate
44%
3351Abou Dabi
41%
3005Victoria
37%
3646Doha
37%
3699Douchanbé
30%

Distribution des résultats

Percentile par nombre de réponses

% des personnes avec chaque résultat

Votre développement - résultats

Vous n’avez pas pris ce quiz